| Tag |
First Indicator |
Second Indicator |
Subfields |
| LEADER |
00000cam a2200000 4500 |
| 001 |
in00000061510 |
| 005 |
20151007082816.0 |
| 008 |
720921s1962 eng u |
| 010 |
|
|
|a 62004176
|
| 035 |
|
|
|a (OCoLC)00411931
|
| 035 |
|
|
|9 AAF8438AM
|
| 040 |
|
|
|c WSU
|d TXA
|d UtOrBLW
|
| 049 |
|
|
|a TXAM
|c [466013]
|
| 050 |
|
0 |
|a DS740.5.R8
|b J3
|
| 092 |
|
|
|a 327.47
|b J14r
|
| 100 |
1 |
|
|a Jackson, W. A. Douglas
|q (William Arthur Douglas),
|d 1923-
|
| 245 |
1 |
4 |
|a The Russo-Chinese borderlands.
|
| 264 |
|
1 |
|a Princeton, N.J. :
|b Van Nostrand,
|c [1962]
|
| 300 |
|
|
|a 126 pages
|
| 336 |
|
|
|a text
|b txt
|2 rdacontent
|
| 337 |
|
|
|a unmediated
|b n
|2 rdamedia
|
| 338 |
|
|
|a volume
|b nc
|2 rdacarrier
|
| 490 |
0 |
|
|a Van Nostrand searchlight books, no.2
|
| 651 |
|
0 |
|a Soviet Union
|x Boundaries
|z China.
|
| 651 |
|
0 |
|a China
|x Boundaries
|z Soviet Union.
|
| 999 |
|
|
|a MARS
|
| 999 |
f |
f |
|s e8bdb62c-d639-35c0-85dd-4a4b18fc18a2
|i 5cf991a6-4bf6-3289-af69-52b06f06f946
|t 0
|
| 952 |
f |
f |
|p ric
|a Texas A&M University
|b Rellis Campus
|c Joint Library Facility
|d Remote Storage
|t 0
|e DS740.5.R8 J3
|h Library of Congress classification
|i unmediated -- volume
|m A14800675713
|
| 998 |
f |
f |
|a DS740.5.R8 J3
|t 0
|l Remote Storage
|